The adult experience
Includes bibliographical references and indexes; Neal A. Newfield, Ph.D., LICSW (Giver)
Đã lưu trong:
| 主要作者: | |
|---|---|
| 格式: | 圖書 |
| 語言: | Undetermined |
| 出版: |
New York
West Pub. Co
1997
|
| 主題: | |
| 在線閱讀: | http://lrc.tdmu.edu.vn/opac/search/detail.asp?aID=2&ID=32908 |
| 標簽: |
添加標簽
沒有標簽, 成為第一個標記此記錄!
|
| Thư viện lưu trữ: | Trung tâm Học liệu Trường Đại học Thủ Dầu Một |
|---|
| LEADER | 00753nam a2200205Ia 4500 | ||
|---|---|---|---|
| 001 | TDMU_32908 | ||
| 008 | 210410s9999 xx 000 0 und d | ||
| 082 | |a 305.26 | ||
| 090 | |b B201 | ||
| 100 | |a Belsky, Janet | ||
| 245 | 4 | |a The adult experience | |
| 245 | 0 | |c Janet Belsky | |
| 260 | |a New York | ||
| 260 | |b West Pub. Co | ||
| 260 | |c 1997 | ||
| 300 | |a xv, 491 p. | ||
| 520 | |a Includes bibliographical references and indexes; Neal A. Newfield, Ph.D., LICSW (Giver) |d 2017 | ||
| 650 | |a Adulthood |z United States |x Psychological aspects; Tuổi trưởng thành |z Hoa Kỳ |x Khía cạnh tâm lý | ||
| 856 | |u http://lrc.tdmu.edu.vn/opac/search/detail.asp?aID=2&ID=32908 | ||
| 980 | |a Trung tâm Học liệu Trường Đại học Thủ Dầu Một | ||